Education and development in the Third World / (Record no. 6988)
[ view plain ]
| 000 -LEADER | |
|---|---|
| fixed length control field | 00830nam a2200277 4500 |
| 001 - CONTROL NUMBER | |
| control field | 6988 |
| 003 - CONTROL NUMBER IDENTIFIER | |
| rucl marc code | BD-RjUL |
| 005 - DATE AND TIME OF LATEST TRANSACTION | |
| control field | 20211208234341.0 |
| 008 - FIXED-LENGTH DATA ELEMENTS--GENERAL INFORMATION | |
| fixed length control field | 140113s1975 enk 001 0 eng d |
| 020 ## - INTERNATIONAL STANDARD BOOK NUMBER | |
| International Standard Book Number | 0347010830 |
| 035 ## - SYSTEM CONTROL NUMBER | |
| System control number | (BD-RjUL)7030 |
| -- | CURL 050347010830(Lon) from atc116 |
| 040 ## - CATALOGING SOURCE | |
| Original cataloging agency | BD-RjUL |
| Language of cataloging | eng |
| Transcribing agency | BD-RjUL |
| Modifying agency | BD-RjUL |
| 041 ## - LANGUAGE CODE | |
| Language code of text/sound track or separate title | eng |
| 082 ## - DEWEY DECIMAL CLASSIFICATION NUMBER | |
| Classification number | 370.91724 |
| Edition number | 18 |
| Author mark and year | DAE 1975 |
| 100 1# - MAIN ENTRY--PERSONAL NAME | |
| Personal name | D'Aeth, Richard, |
| Dates associated with a name | 1912-2008. |
| 9 (RLIN) | 21908 |
| 245 10 - TITLE STATEMENT | |
| Title | Education and development in the Third World / |
| Statement of responsibility, etc. | Richard D'Aeth |
| 260 ## - PUBLICATION, DISTRIBUTION, ETC. (IMPRINT) | |
| Place of publication, distribution, etc. | Farnborough : |
| Name of publisher, distributor, etc. | Saxon House, |
| Date of publication, distribution, etc. | 1975 |
| 300 ## - PHYSICAL DESCRIPTION | |
| Pagination | vii, 127 p. ; |
| Size | 24 cm |
| 490 1# - SERIES STATEMENT | |
| Series statement | Saxon House studies |
| 504 ## - BIBLIOGRAPHY, ETC. NOTE | |
| Bibliography, etc | Includes index |
| 650 #0 - SUBJECT ADDED ENTRY--TOPICAL TERM | |
| Topical term or geographic name as entry element | Education |
| Geographic subdivision | Developing countries |
| 9 (RLIN) | 21909 |
| 830 #0 - SERIES ADDED ENTRY--UNIFORM TITLE | |
| Uniform title | Saxon House studies |
| 942 ## - ADDED ENTRY ELEMENTS (KOHA) | |
| Source of classification or shelving scheme | Dewey Decimal Classification |
| Koha item type | Books |
| Lost status | Source of classification or shelving scheme | Damaged status | Not for loan | Collection code | Permanent Location | Current Location | Shelving location | Date acquired | Source of acquisition | Cost, normal purchase price | Total Checkouts | Full call number | Date last seen | Copy number | Koha item type |
|---|---|---|---|---|---|---|---|---|---|---|---|---|---|---|---|
| Dewey Decimal Classification | Not For Loan | Non-fiction | Central Library, University of Rajshahi | Central Library, University of Rajshahi | Reading Room | 09/08/1979 | Heffers. | 7.50 | 370.91724 DAE 1975 | 13/01/2014 | C-1 | Books | |||
| Dewey Decimal Classification | Non-fiction | Central Library, University of Rajshahi | Central Library, University of Rajshahi | 09/01/1981 | Heffer | 370.91724 DAE 1975 | 22/08/2016 | C-2 | Books | ||||||
| Dewey Decimal Classification | Non-fiction | Central Library, University of Rajshahi | Central Library, University of Rajshahi | 09/08/1979 | Heffers | 7.50 | 370.91724 DAE 1975 | 05/01/2017 | C-3 | Books |